000 00614nam a2200217Ii 4500
003 JO-AjNU
008 230606s9999||||xx |||||||||||||| ||und||
020 _a978-0-415-83638-8
040 _aJO-AjNU
_beng
_erda
_cJO-AjNU
041 _aeng
050 1 4 _aTH151.C52 2013
100 3 _aGreeno, Roger/Roy chudley ,
_eauthor
_94685
245 0 0 _aBuilding Construction Hand book
250 _a10 ed
264 3 1 _aLondon :Routledge , 2013
300 _a966p
336 _atext
_btxt
_2rdacontent
337 _aunmediated
_bn
_2rdamedia
338 _avolume
_bnc
_2rdacarrier
650 4 _aBuilding Construction
_94686
999 _aE2428
_c2426
_d2426